<?xml version="1.0" encoding="UTF-8"?>
<record
    xmlns:xsi="http://www.w3.org/2001/XMLSchema-instance"
    xsi:schemaLocation="http://www.loc.gov/MARC21/slim http://www.loc.gov/standards/marcxml/schema/MARC21slim.xsd"
    xmlns="http://www.loc.gov/MARC21/slim">

  <leader>01008nam a2200193 a 4500</leader>
  <controlfield tag="001">000041875</controlfield>
  <controlfield tag="005">20201002035815.0</controlfield>
  <controlfield tag="008">131018s1989    sp a          000 0 spa d</controlfield>
  <datafield tag="020" ind1=" " ind2=" ">
    <subfield code="a">8400069846</subfield>
  </datafield>
  <datafield tag="040" ind1=" " ind2=" ">
    <subfield code="a">DO-SdBNP</subfield>
    <subfield code="b">spa</subfield>
    <subfield code="c">BNPHU</subfield>
  </datafield>
  <datafield tag="082" ind1=" " ind2=" ">
    <subfield code="a">xxx</subfield>
  </datafield>
  <datafield tag="110" ind1="1" ind2=" ">
    <subfield code="a">Coloquio Hispano-Italiano</subfield>
    <subfield code="n">(3 :</subfield>
    <subfield code="d">7-9 de junio de 1983</subfield>
    <subfield code="c">Universidad de Santa Mar&#xED;a de La R&#xE1;bida, Sevilla)</subfield>
    <subfield code="9">68762</subfield>
  </datafield>
  <datafield tag="245" ind1="1" ind2="0">
    <subfield code="a">Presencia italiana en Andalucia : Siglos XIV-XVII :</subfield>
    <subfield code="b">actas del III Coloquio Hispano-Italiano.</subfield>
  </datafield>
  <datafield tag="260" ind1=" " ind2=" ">
    <subfield code="a">Sevilla :</subfield>
    <subfield code="b">Consiglio nazionale delle ricerche : Consejo Superior de Investigaciones Cient&#xED;ficas, Escuela de Estudios Hispano-Americanos,</subfield>
    <subfield code="c">1989.</subfield>
  </datafield>
  <datafield tag="300" ind1=" " ind2=" ">
    <subfield code="a">viii, 533 p. :</subfield>
    <subfield code="b">il. ; 24 cm. ;</subfield>
    <subfield code="c">24 cm.</subfield>
  </datafield>
  <datafield tag="490" ind1="1" ind2=" ">
    <subfield code="a">Publicaciones de la escuela de estudios hispano-americanos de la Universidad de Sevilla</subfield>
    <subfield code="v">346</subfield>
  </datafield>
  <datafield tag="500" ind1=" " ind2=" ">
    <subfield code="a">Incluye referencias bibliogr&#xE1;ficas y notas al pie de las p&#xE1;ginas.</subfield>
  </datafield>
  <datafield tag="830" ind1=" " ind2="0">
    <subfield code="a">Publicaciones de la escuela de estudios hispano-americanos de la Universidad de Sevilla</subfield>
    <subfield code="n">346</subfield>
    <subfield code="9">68763</subfield>
  </datafield>
  <datafield tag="952" ind1=" " ind2=" ">
    <subfield code="0">0</subfield>
    <subfield code="1">0</subfield>
    <subfield code="5">0</subfield>
    <subfield code="7">1</subfield>
    <subfield code="8">MO</subfield>
    <subfield code="a">GR</subfield>
    <subfield code="b">GR</subfield>
    <subfield code="c">CT</subfield>
    <subfield code="d">2013-10-18</subfield>
    <subfield code="i">LF1</subfield>
    <subfield code="l">0</subfield>
    <subfield code="o">xxx </subfield>
    <subfield code="p">41875-10</subfield>
    <subfield code="r">2020-06-25</subfield>
    <subfield code="w">2020-06-25</subfield>
    <subfield code="y">1</subfield>
    <subfield code="Z">No se presta</subfield>
  </datafield>
  <datafield tag="999" ind1=" " ind2=" ">
    <subfield code="c">41364</subfield>
    <subfield code="d">41364</subfield>
  </datafield>
</record>
